00353pab a2200133 454500008004000000100001700040245007500057260000900132300001500141362000800156650001900164700001800183773001800201180718b2009 xxu||||| |||| 00| 0 eng d aTupe, Sanjay aThe performance of Indian power sector for pre and post-reforms period c2009 ap.385-409. aDec aPower industry aNarayanan, K. aArtha Vijnana